000 00255nam a2200109Ia 4500
008 231212s1983 xx 000 0 und d
041 _aeng
082 _a621.384
100 _aShroder
245 _aElectronic Communication
260 _aDelhi
_bKhanna
_c1983
999 _c958693
_d958693